| 000 | 00445nam a2200181Ia 4500 | ||
|---|---|---|---|
| 003 | GCL | ||
| 008 | 140319s9999 xx 000 0 eng d | ||
| 040 |
_aGCL / _cGCL |
||
| 082 | 0 | 4 |
_a781.65 _bF P |
| 100 | 1 | _aFEATHER, LEONARD | |
| 245 | 1 | 0 |
_aTHE PASSION FOR JAZZ / _cFEATHER, LEONARD |
| 260 |
_a[S.N] : _bHARIZON PRESS ، _c1980 |
||
| 300 | _a208 P | ||
| 650 | 0 | 4 | _aJAZZ MUSIC HISTORY |
| 650 | 0 | 4 | _aARTS |
| 650 | 0 | 4 | _aMUSIC |
| 942 |
_2ddc _cBK |
||
| 999 |
_c19394 _d19394 |
||